书目信息 |
| 题名: |
粮油食品分析与检验
|
|
| 作者: | 俞一夫 编著 | |
| 分册: | ||
| 出版信息: | 北京 中国轻工业出版社 1992.12 |
|
| 页数: | 270页 | |
| 开本: | 19cm | |
| 丛书名: | ||
| 单 册: | ||
| 中图分类: | TS210.7 | |
| 科图分类: | ||
| 主题词: | 粮食加工--食品工业 , 粮食加工 | |
| 电子资源: | ||
| ISBN: | 7-5019-1259-9 | |
| 000 | 00625nam0 2200205 450 | |
| 001 | 0855346935 | |
| 005 | 20081006152437.60 | |
| 010 | @a7-5019-1259-9@dCNY7.10 | |
| 100 | @a20081006d1992 km y0chiy0120 ea | |
| 101 | 0 | @achi |
| 102 | @aCN@b110000 | |
| 200 | 1 | @a粮油食品分析与检验@Aliang you shi pin fen xi yu jian yan@f俞一夫等编著@Fyu yi fu deng bian zhu |
| 210 | @a北京@c中国轻工业出版社@d1992.12 | |
| 215 | @a270页@d19cm | |
| 606 | 0 | @a粮食加工@x食品工业 |
| 606 | 0 | @a粮食加工 |
| 690 | @aTS210.7@v4 | |
| 701 | 0 | @a俞一夫@Ayu yi fu@4编著 |
| 801 | 0 | @aCN@b大连网信软件有限公司图书馆·11@c20081006 |
| 905 | @aBZT@dTS210.7@e23 | |
| 粮油食品分析与检验/俞一夫等编著.-北京:中国轻工业出版社,1992.12 |
| 270页;19cm |
| ISBN 7-5019-1259-9:CNY7.10 |
| ● |
| 相关链接 |
|
|
|
正题名:粮油食品分析与检验
索取号:TS210.7/23
 
预约/预借
| 序号 | 登录号 | 条形码 | 馆藏地/架位号 | 状态 | 备注 |
| 1 | 061294 | 201256862 | 中心书库中库/ 中库025架A面4列3层28/ [索取号:TS210.7/23] | 在馆 | |
| 2 | 061295 | 201256844 | 中心书库中库/ 中库025架A面4列3层29/ [索取号:TS210.7/23] | 在馆 | |
| 3 | 061296 | 201256853 | 中心书库中库/ 中库025架A面4列3层27/ [索取号:TS210.7/23] | 在馆 |